N.S. Bindra's interpretation of statutes / (Record no. 612957)
[ view plain ]
| 000 -LEADER | |
|---|---|
| fixed length control field | 00393nam a22001457a 4500 |
| 082 ## - DEWEY DECIMAL CLASSIFICATION NUMBER | |
| Classification number | 348.54022 |
| Author Mark | DHA |
| 100 ## - MAIN ENTRY--PERSONAL NAME | |
| Personal name | Dhanda, Amita |
| 245 ## - TITLE STATEMENT | |
| Title | N.S. Bindra's interpretation of statutes / |
| Statement of responsibility, etc. | Amita Dhanda. |
| 250 ## - EDITION STATEMENT | |
| Edition statement | 12th Edition. |
| 260 ## - PUBLICATION, DISTRIBUTION, ETC. | |
| Place of publication, distribution, etc. | Allahabad : |
| Name of publisher, distributor, etc. | Law Book Co., |
| Date of publication, distribution, etc. | 1997. |
| 300 ## - PHYSICAL DESCRIPTION | |
| Extent | cxxxii,1215 p. |
| Dimensions | 24.5cm. |
| 563 ## - BINDING INFORMATION | |
| Binding note | HB |
| 650 ## - SUBJECT ADDED ENTRY--TOPICAL TERM | |
| Topical term or geographic name entry element | Law |
| 942 ## - ADDED ENTRY ELEMENTS (KOHA) | |
| Source of classification or shelving scheme | |
| Koha item type | Book |
| 650 ## - SUBJECT ADDED ENTRY--TOPICAL TERM | |
| -- | 35302 |
| Withdrawn status | Lost status | Source of classification or shelving scheme | Damaged status | Not for loan | Permanent Location | Current Location | Date acquired | Source of acquisition | Total Checkouts | Full call number | Barcode | Date last seen | Price effective from | Koha item type |
|---|---|---|---|---|---|---|---|---|---|---|---|---|---|---|
| NUST Law School (NLS) | NUST Law School (NLS) | 02/25/2025 | Federal Law House | 348.54022 DHA | NLS-36 | 02/25/2025 | 02/25/2025 | Book | ||||||
| NUST Law School (NLS) | NUST Law School (NLS) | 02/25/2025 | Federal Law House | 348.54022 DHA | NLS-37 | 02/25/2025 | 02/25/2025 | Book |
